| 000 | 00495nam a2200169Ia 4500 | ||
|---|---|---|---|
| 008 | 090201s9999 xx 000 0 und d | ||
| 010 | _aKPL-19912 | ||
| 040 | _bमराठी | ||
| 041 | _aमराठी | ||
| 082 |
_a24010 _b19912 |
||
| 100 | _aव. ह. पिटके | ||
| 245 |
_aबाधा _cव. ह. पिटके |
||
| 260 |
_c2004 _bयुनिव्हर्सल पब्लिकेशन |
||
| 300 |
_a117 _bमोठा |
||
| 600 | _aबाधा | ||
| 942 | _cBOOK | ||
| 999 |
_c223425 _d223425 |
||